|
|
|
|
| LEADER |
02559nam a22005055i 4500 |
| 001 |
978-0-387-27419-5 |
| 003 |
DE-He213 |
| 005 |
20151204154954.0 |
| 007 |
cr nn 008mamaa |
| 008 |
100301s2005 xxu| s |||| 0|eng d |
| 020 |
|
|
|a 9780387274195
|9 978-0-387-27419-5
|
| 024 |
7 |
|
|a 10.1007/b139052
|2 doi
|
| 040 |
|
|
|d GrThAP
|
| 050 |
|
4 |
|a QC1-75
|
| 072 |
|
7 |
|a PH
|2 bicssc
|
| 072 |
|
7 |
|a SCI055000
|2 bisacsh
|
| 082 |
0 |
4 |
|a 530
|2 23
|
| 100 |
1 |
|
|a Fursey, George.
|e author.
|
| 245 |
1 |
0 |
|a Field Emission in Vacuum Microelectronics
|h [electronic resource] /
|c by George Fursey ; edited by Ivor Brodie, Paul Schwoebel.
|
| 264 |
|
1 |
|a Boston, MA :
|b Springer US,
|c 2005.
|
| 300 |
|
|
|a XV, 205 p.
|b online resource.
|
| 336 |
|
|
|a text
|b txt
|2 rdacontent
|
| 337 |
|
|
|a computer
|b c
|2 rdamedia
|
| 338 |
|
|
|a online resource
|b cr
|2 rdacarrier
|
| 347 |
|
|
|a text file
|b PDF
|2 rda
|
| 490 |
1 |
|
|a Microdevices, Physics and Fabrication Technologies
|
| 505 |
0 |
|
|a Field Electron Emission from Metals -- Characteristics of Field Emission at Very High Current Densities -- Maximum Field Emission Current Densities -- Field Emission In Microwave Field -- Field Emission from Semiconductors -- Statistics of Field Electron Emission -- The Use of Field Emission Cathodes in Electron Optical Systems: Emission Localization to Small Solid Angles -- Advances in Applications.
|
| 520 |
|
|
|a Field emission is a phenomenon described by quantum mechanics. Its emission capability is millions times higher than that of any other known types of electron emission. Nowadays this phenomenon is experiencing a new life due to wonderful applications in the atomic resolution microscopy, in electronic holography, and in the vacuum micro- and nanoelectronics in general. The main field emission properties, and some most remarkable experimental facts and applications, are described in this book.
|
| 650 |
|
0 |
|a Physics.
|
| 650 |
|
0 |
|a Electrical engineering.
|
| 650 |
|
0 |
|a Optical materials.
|
| 650 |
|
0 |
|a Electronic materials.
|
| 650 |
1 |
4 |
|a Physics.
|
| 650 |
2 |
4 |
|a Physics, general.
|
| 650 |
2 |
4 |
|a Optical and Electronic Materials.
|
| 650 |
2 |
4 |
|a Electrical Engineering.
|
| 700 |
1 |
|
|a Brodie, Ivor.
|e editor.
|
| 700 |
1 |
|
|a Schwoebel, Paul.
|e editor.
|
| 710 |
2 |
|
|a SpringerLink (Online service)
|
| 773 |
0 |
|
|t Springer eBooks
|
| 776 |
0 |
8 |
|i Printed edition:
|z 9780306474507
|
| 830 |
|
0 |
|a Microdevices, Physics and Fabrication Technologies
|
| 856 |
4 |
0 |
|u http://dx.doi.org/10.1007/b139052
|z Full Text via HEAL-Link
|
| 912 |
|
|
|a ZDB-2-PHA
|
| 950 |
|
|
|a Physics and Astronomy (Springer-11651)
|